Measurement and instrumentation principles (Record no. 218)

MARC details
000 -LEADER
Fixed length control field 00497nam a2200157 4500
003 - CONTROL NUMBER IDENTIFIER
Control field SEACOMMC
005 - DATE AND TIME OF LATEST TRANSACTION
Control field 20231013071708.0
008 - FIXED-LENGTH DATA ELEMENTS--GENERAL INFORMATION
Fixed length control field 231013b |||||||| |||| 00| 0 eng d
040 ## - CATALOGING SOURCE
Original cataloging agency SEACOMMC
082 ## - DEWEY DECIMAL CLASSIFICATION NUMBER
Classification number 621.37
Book Number MOR
100 1# - MAIN ENTRY--PERSONAL NAME
Personal name Morris, Alan S.
245 1# - TITLE STATEMENT
Title Measurement and instrumentation principles
Statement of responsibility Alan S. Morris
260 ## - IMPRINT
Place of publication New Delhi
Name of publisher Elsevier
Date of publication 2006
650 ## - SUBJECT ADDED ENTRY--TOPICAL TERM
Topical term Engineering
Form subdivision Electrical, magnetic, optical, communications, computer engineering; electronics, lighting
942 ## - ADDED ENTRY ELEMENTS (KOHA)
Koha item type Books
Holdings
Withdrawn status Lost status Source of classification Damaged status Not for loan Home library Current library Date acquired Total Checkouts Call number Accession number Date last seen Price effective from Koha item type
    Dewey Decimal Classification     SEACOM MANAGEMENT COLLEGE SEACOM MANAGEMENT COLLEGE 05/08/2006   621.37 MOR 05197 13/10/2023 13/10/2023 Books
© Seacom Engineering College, All rights reserved.    Powered by Koha